000 00389nam a2200181Ia 4500
008 090123s9999 xx 000 0 und d
082 _b38459
100 _aBORIS STARLING
245 _aMESSIAH
250 _a0
260 _bAN ONYX BOOK
_c1999
300 _a454
600 _aBORIS STARLING
630 _aMESSIAH
700 _aBORIS STARLING
730 _aMESSIAH
942 _cBOOK
999 _c76529
_d76529